| 000 | 00809nam a2200277 a 4500 | ||
|---|---|---|---|
| 001 | vtls000942053 | ||
| 003 | NLI | ||
| 005 | 20210627091237.0 | ||
| 008 | 111102s1958 ii s000 0 eng | ||
| 039 | 9 |
_y201111021731 _zVLOAD |
|
| 040 |
_aNLI _beng _cDatasoft_IOD _eAACR2 |
||
| 041 | 0 | _aeng | |
| 044 | _a ii | ||
| 082 | 0 | 4 | _a 338.64(54) |
| 110 | 2 |
_aIndia. _bMinistry of Commerce and Industry. _bAll India Handicraft Board _9885008 |
|
| 245 | 1 | 0 |
_aMarketing conference / _cAll India Handicraft Board |
| 260 |
_a60 p. : _bThe Department, _c1958 |
||
| 300 |
_a60 p. ; _c25 cm. |
||
| 650 | 0 |
_aSmall business _zIndia _9743307 |
|
| 650 | 0 |
_aScale industries _zIndia |
|
| 887 | _a | ||
| 901 |
_a10787 date _b01.07.1958 |
||
| 902 | _aGP 338.64(54) Ai 51 mc | ||
| 999 |
_aVIRTUA40 _c763584 _d763584 |
||
| 942 |
_2ddc _cBKS |
||